00555nam a2200193Ia 4500001001000000003000500010008004100015010001100056040000900067082001200076100001800088245009900106250000700205260003200212300001100244503001500255650004500270650004600315Para_9461CHAP220125s2007 xx 000 0 und d a208146 cCHAP a464 D57 aGuardia, Remo aDiccionario porrúa de sinónimos y antónimos de la lengua española /c por Remo Guardia a18 aMéxico, D.F. :b Porrúa a365 p. aC/e (ej.1) aEspañol x antónimos x diccionarios aEspañol x sinónimos x diccionarios